00654nam a2200241Ia 4500008004100000020001800041050001400059100002100073245002000094245005100114245006000165260002500225260001600250260000900266300001400275300002800289300001000317500000900327650002200336700002000358700002300378700001100401190123s9999 xx 000 0 und d a9780545258432 bH364 2009 aHatkoff, Juliana 0aWinter's tail : 0bhow one little dolphin learned to swim again / 0cby Juliana Hatkoff, Isabella Hatkoff and Craig Hatkoff. aNew York, New York : bScholastic, c2009 aunpaged : bcolored illustrations ; c22cm. a930L aArtificial limbs. aHatkoff, Craig. aHatkoff, Isabella. aTitle.